000
00299nam a22001337a 4500
008
180921b xxu||||| |||| 00| 0 eng d
020
_a
0205389198
041
_a
eng
080
_a
37
100
_a
25
101
_a
EDU
245
_a
Grant Writing in higher education
_c
Henson,K.T
942
_2
udc
_c
BK
999
_c
48180
_d
48180